Company deposit rules: As amended up to date (Record no. 34630)

MARC details
000 -LEADER
fixed length control field 00282nam a2200109Ia 4500
082 ## - DEWEY DECIMAL CLASSIFICATION NUMBER
Classification number 347.7
Item number AGG
100 ## - MAIN ENTRY--AUTHOR NAME
Personal name AGARWAL, V S
245 #0 - TITLE STATEMENT
Title Company deposit rules: As amended up to date
260 ## - PUBLICATION, DISTRIBUTION, ETC. (IMPRINT)
Place of publication Delhi
Name of publisher National
Year of publication 1980
942 ## - ADDED ENTRY ELEMENTS (KOHA)
Koha item type Books
Holdings
Withdrawn status Lost status Damaged status Not for loan Home library Current library Date acquired Full call number Accession Number Koha item type
        RRII Library RRII Library 16/12/2021 347.7 AGG 15060 Books